1582 1483 1351 1915 1214 1776 1195 1932 1075 1236 1972 1873 1554 1288 1084 1873 1676 1396 1529 1900 1808 1541 1404 1175 1809 1374 1440 1402 1520 1979 1390 1270 1206 1093 1977 1479 1669 1787 1492 1553 1375 1081 1174 1808 1172 1298 1638 1629 1236 1579 1715 1998 1077 1457 1747 1871 1938 1937 1435 1807 1531 1170 1675 1012 1521 1123 1650 1620 1906 1298 1087 1774 1121 1138 1455 1163 1050 1155 1132 1636 1760 1890 1881 1138 1587 1438 1605 1700 1923 1281 1782 1365 1778 1558 1689 1564 1953 1859 1963 BCNSPRNW ULIB Ver.6.0+V

เปลี่ยนเป็นภาษาไทย

Change to English
 แสดงรายละเอียดบรรณานุกรม
  กลับหน้าหลัก

Brief Record : Get Marc (ISO 2709) : E-mail record : QR code < ปิดหน้าต่าง
LEADER : 00000nam 2200000uu 4500
001    13399120725
003     ULIB
008    121005s2552||||th 000 0 tha d
020    ^a9786165510431
060 04 ^aWS420^bน315ป
245 00 ^aปัญหาที่พบบ่อยในเด็ก :^bแนวทางการดูแลรักษา /^cนวลจันทร์ปราบพาล ... [และคนอื่นๆ] บรรณาธิการ
250    ^aพิมพ์ครั้งที่ 2
260    ^aกรุงเทพฯ :^bภาควิชากุมารเวชศาสตร์ คณะแพทยศาสตร์จุฬาลงกรณ์มหาวิทยาลัย,^c2552
300    ^ax, 774 หน้า :^bภาพประกอบ ;^c21 ซม.
650  7 ^aกุมารเวชศาสตร์
650  7 ^aเด็ก^xการดูแล
650  7 ^aเด็ก^xสุขภาพและอนามัย
650  7 ^aเด็ก, โรค^xการป้องกันและรักษา
700 0  ^aนวลจันทร์ ปราบพาล,^eบรรณาธิการ
710 2  ^aจุฬาลงกรณ์มหาวิทยาลัย. ^bคณะแพทยศาสตร์.^bภาควิชากุมารเวชศาสตร์
945    ^p0^l0^i16655
945    ^p0^l0^i16654
945    ^p0^l0^i16656
945    ^p0^l0^i16594
995    ^aวิภา
999 ^a ใช้งานได้ทุกระบบ
รายการนี้ยังไม่มีแท็ก
คุณยังไม่ได้ล็อกอิน คุณสามารถมีกิจกรรมร่วมกับเว็บไซต์ได้ แต่ต้องล็อกอินก่อน ::
  ล็อกอิน

รายการสื่อสารสนเทศ

ลำดับที่ ประเภท เลขเรียก/บาร์โค้ด สถานที่ สถานะ
- ไม่พบข้อมูล -

รายการใกล้เคียง
    หัวเรื่อง [กุมารเวชศาสตร์]
    หัวเรื่อง [เด็ก การดูแล]

BibComment


ยังไม่เคยถูกคอมเมนท์

คอมเมนท์ทรัพยากรรายการนี้
  คอมเมนท์: ปัญหาที่พบบ่อยใน..


 Copyright 2026. Bcnsprnw @Library